Statistiche per Primi 15 paesi interessati da Covid-19 - 7 agosto

Clicka qui per fare il quiz!

Statistiche generali

  • Questo quiz è stato fatto 3 volte
  • Il punteggio medio è 7 su 25

Statistiche sulle risposte

nazione% Corretto
Brasile
100%
Russia
100%
Stati Uniti
100%
Cile
67%
Cile
67%
India
67%
Spagna
67%
Colombia
33%
Iran
33%
Messico
33%
Perù
33%
Sudafrica
33%
Arabia Saudita
0%
Armenia
0%
Bahrain
0%
Bangladesh
0%
Israele
0%
Kuwait
0%
Oman
0%
Pakistan
0%
Panama
0%
Qatar
0%
Regno Unito
0%
Singapore
0%
Svezia
0%

Distribuzione punteggi

Percentile per numero di risposta

Percentuale di utenti per punteggio

I tuoi punteggi nel tempo

Non hai fatto questo quiz